| 000 | 00979nam a22003497a 4500 | ||
|---|---|---|---|
| 005 | 20250407143515.0 | ||
| 008 | 250407b |||||||| |||| 00| 0 spa d | ||
| 020 | _a9798365109896 | ||
| 041 | _aESP | ||
| 082 | _a658.403.801.1 P438m2 | ||
| 100 | _aPérez del Castillo, Ricardo | ||
| 100 | _aGarcía Rodríguez de Guzmán, Ignacio | ||
| 100 | _aRuiz González, Francisco | ||
| 100 | _aPolo Usaola, Macario | ||
| 100 | _aPiattini Velthuis, Mario G. | ||
| 245 | _aMantenimiento y evolución de sistemas de información | ||
| 250 | _a2 edición | ||
| 260 | _aEspaña | ||
| 260 | _bAQC Lab | ||
| 260 | _c2022 | ||
| 300 | _a354 páginas | ||
| 650 | _aTECNOLOGÍAS DE INFORMACIÓN | ||
| 650 | _aSISTEMAS DE INFORMACIÓN | ||
| 650 | _aMANTENIMIENTO DE HARDWARE | ||
| 650 | _aCICLO DE VIDA SOFTWARE | ||
| 650 | _aMANTEMA | ||
| 650 | _aSOFTWARE GREEN | ||
| 650 | _aPROCESOS DE NEGOCIO | ||
| 650 | _aSISTEMAS HÍBRIDOS | ||
| 942 |
_2ddc _cBK |
||
| 999 |
_c13756 _d13756 |
||